| 000 | 01050nam a22003137a 4500 | ||
|---|---|---|---|
| 001 | 123 | ||
| 003 | FISKH | ||
| 005 | 20230228101033.0 | ||
| 008 | 230228b cb ||||| |||| 00| 0 eng d | ||
| 010 | _a 88025490 | ||
| 040 |
_aDLC _cDLC _dDLC _beng |
||
| 042 | _alcac | ||
| 050 | 0 | 0 |
_aPZ7.S6318 _bBr 1988 |
| 082 | 0 | 0 |
_a398.2 _219 |
| 100 | 1 | _aSlepian, Jan. | |
| 245 | 1 | 4 |
_aThe Broccoli tapes / _cJan Slepian. |
| 260 |
_aNew York _bPhilomel Books _c1988 |
||
| 300 |
_a157 p. _c20 cm. |
||
| 505 | _aM | ||
| 520 | _aDuring a stay of several months in Hawaii with her family, Sara reports her experiences by tape back to her sixthgrade class in Boston, detailing her "adoption" of a wild cat, a friendship with a troubled Hawaiian boy, and the death of a beloved grandmother. | ||
| 521 | 8 |
_a630 _bLexile |
|
| 521 | 8 |
_aM _bRaz-Plus |
|
| 650 | 1 |
_aCats _xFiction. |
|
| 650 | 1 |
_aDeath _xFiction. |
|
| 650 | 1 |
_aBrothers and sisters _xFiction. |
|
| 651 | 1 |
_aHawaii _xFiction. |
|
| 906 |
_a7 _bcbc _corignew _d1 _eocip _f19 _gy-gencatlg |
||
| 942 |
_2ddc _cBK _n0 |
||
| 999 |
_c123 _d123 |
||